Nursing the patient with cancer / (Record no. 696)

000 -LEADER
fixed length control field 01653nam a22004097a 4500
001 - CONTROL NUMBER
control field 4556864
003 - CONTROL NUMBER IDENTIFIER
control field LIBRIS
005 - DATE AND TIME OF LATEST TRANSACTION
control field 20241220111904.0
008 - FIXED-LENGTH DATA ELEMENTS--GENERAL INFORMATION
fixed length control field 011211s1996 xxk|||||||||||001 0|eng|c
020 ## - INTERNATIONAL STANDARD BOOK NUMBER
International Standard Book Number 0132297582
040 ## - CATALOGING SOURCE
Original cataloging agency eng
Language of cataloging eng
Transcribing agency kwiu
Modifying agency eng
041 ## - LANGUAGE CODE
Language code of text/sound track or separate title eng
080 ## - UNIVERSAL DECIMAL CLASSIFICATION NUMBER
Universal Decimal Classification number 616-08
Item number T-89
245 00 - TITLE STATEMENT
Title Nursing the patient with cancer /
Statement of responsibility, etc. edited by Verena Tschudin.
Remainder of title / by: Prentice Hall
250 ## - EDITION STATEMENT
Edition statement 2nd edition
260 ## - PUBLICATION, DISTRIBUTION, ETC.
Place of publication, distribution, etc. London
Name of publisher, distributor, etc. Prentice Hall,
Date of publication, distribution, etc. 1996
300 ## - PHYSICAL DESCRIPTION
Extent xvii, 502 p.
Dimensions 18 x 24 cm
Other physical details ill.
340 ## - PHYSICAL MEDIUM
Dimensions 18 x 24 cm
500 ## - GENERAL NOTE
General note Previous ed.: 1988.
650 #7 - SUBJECT ADDED ENTRY--TOPICAL TERM
Topical term or geographic name entry element Cancer
General subdivision Nursing
Source of heading or term BNB
650 #0 - SUBJECT ADDED ENTRY--TOPICAL TERM
Topical term or geographic name entry element Patient Care
9 (RLIN) 285
653 #0 - INDEX TERM--UNCONTROLLED
Uncontrolled term პაციენტის მოვლა
653 #0 - INDEX TERM--UNCONTROLLED
Uncontrolled term ონკოლოგიური პაციენტის მოვლა
700 1# - ADDED ENTRY--PERSONAL NAME
Personal name Tschudin, Verena
Relationship oth
Relator term Editor
830 #0 - SERIES ADDED ENTRY--UNIFORM TITLE
Uniform title Prentice Hall Nursing Series,
International Standard Serial Number 99-2311855-X
887 ## - NON-MARC INFORMATION FIELD
Content of non-MARC field {"@id":"4mf6q7mg1tc45jz","modified":"2018-06-04T12:56:13.119+02:00","checksum":"79320677439"}
Source of data librisxl
887 ## - NON-MARC INFORMATION FIELD
Content of non-MARC field {"@id":"mrxj43ds126z035","modified":"2009-12-14T17:32:03+01:00","checksum":"5261558943"}
Source of data librisxl
887 ## - NON-MARC INFORMATION FIELD
Content of non-MARC field {"@id":"kpvg21bq4kxcqm8","modified":"2018-06-05T17:26:38.014+02:00","checksum":"-2600447107"}
Source of data librisxl
887 ## - NON-MARC INFORMATION FIELD
Content of non-MARC field {"@id":"hmvp614n4sn4kw9","modified":"2015-09-25T15:27:13+02:00","checksum":"9776711026"}
Source of data librisxl
942 ## - ADDED ENTRY ELEMENTS (KOHA)
Source of classification or shelving scheme
Koha item type Books
Edition 2
Holdings
Withdrawn status Lost status Source of classification or shelving scheme Damaged status Not for loan Permanent location Current location Date acquired Inventory number Total Checkouts Full call number Barcode Date last seen Price effective from Koha item type
          Ken Walker International University Ken Walker International University 12/18/2020 2103   616-08 T-89 2103 12/18/2020 12/18/2020 Books

Powered by Koha